Star Wars- All Jedi - Statistics

General Stats
  • This quiz has been taken 325 times
  • The average score is 31 of 99
Answer Stats
Name % Correct
Yoda (deceased-4 ABY)
98%
Anakin Skywalker/Darth Vader (deceased-4 ABY)
97%
Obi-Wan Kenobi (deceased-0 BBY)
95%
Mace Windu (deceased-19 BBY)
90%
Luke Skywalker (deceased-34 ABY)
87%
Kit Fisto (deceased-19 BBY)
86%
Plo Koon (deceased-19 BBY)
85%
Ahsoka Tano
79%
Ki-Adi-Mundi (deceased-19 BBY)
79%
Qui-Gon Jinn (deceased-32 BBY)
78%
Dooku/Darth Tyrannus (deceased-19 BBY)
76%
Yaddle
76%
Rey Skywalker Palpatine (deceased-35 ABY, resurrected- 35 ABY)
71%
Luminara Unduli (deceased-18 BBY)
70%
Aayla Secura (deceased-19 BBY)
68%
Barriss Offee
61%
Ben Solo/Kylo Ren (deceased-35 ABY)
59%
Caleb Dume/Kanan Jarrus (deceased-0 BBY)
58%
Eeth Koth (deceased-14 BBY)
57%
Ezra Bridger
57%
Shaak Ti (deceased-19 BBY)
54%
Agen Kolar (deceased-19 BBY)
53%
Cal Kestis
51%
Coleman Trebor (deceased-22 BBY)
50%
Adi Gallia (deceased-20 BBY)
49%
Leia Skywalker Organa Solo (deceased-35 ABY)
49%
Quinlan Vos
48%
Saesee Tiin (deceased-19 BBY)
46%
Yarael Poof (deceased-22 BBY)
45%
Depa Billaba (deceased-19 BBY)
44%
Even Piell (deceased-20 BBY)
43%
Jocasta Nu (deceased-19 BBY)
43%
Oppo Rancisis
41%
Pong Krell (deceased-20 BBY)
41%
Stass Allie (deceased-19 BBY)
38%
Grogu
36%
Asajj Ventress (deceased-19 BBY)
33%
Coleman Kcaj
33%
Sifo-Dyas (deceased-32 BBY)
33%
Ima-Gun Di (deceased-22 BBY)
32%
Cere Junda
30%
Gungi
26%
Nahdar Vebb (deceased-21 BBY)
24%
Jaro Tapal (deceased-19 BBY)
23%
Tera Sinube
23%
Bultar Swan
22%
Tiplar (deceased-19 BBY)
22%
Tiplee (deceased-19 BBY)
21%
Trilla Suduri/Second Sister (deceased-14 BBY)
21%
Cin Drallig (deceased-19 BBY)
20%
Grand Inquisitor (deceased-4 BBY)
20%
Pablo-Jill
20%
Bolla Ropal (deceased-22 BBY)
19%
Halsey (deceased-20 BBY)
19%
Katooni
19%
Zett Jukassa (deceased-19 BBY)
18%
Masana Tide/Ninth Sister
17%
Ord Enisence (deceased-21 BBY)
16%
Petro
15%
Taron Malicos
15%
Zatt
15%
Byph
14%
Fifth Brother (deceased-3 BBY)
14%
Knox (deceased-20 BBY)
14%
Seventh Sister (deceased-3 BBY)
13%
Sora Bulq
13%
Ganodi
12%
Kalifa (deceased-20 BBY)
12%
Bene (deceased-19 BBY)
11%
Eighth Brother (deceased-3 BBY)
10%
Finn Ertay (deceased-19 BBY)
10%
Jinx
10%
Ky Narec (deceased-22 BBY)
10%
O-Mer
9%
Eekar Oki
8%
Joclad Danva (deceased-22 BBY)
7%
Tu-Anh (deceased-19 BBY)
7%
Fi-Ek Sirch (deceased-22 BBY)
6%
Rig Nema
6%
Sar Labooda (deceased-22 BBY)
6%
Bairdon Jace
5%
Thongla Jur
5%
Whie (deceased-19 BBY)
5%
Khaat Qiyn
4%
Que-Mars Redath-Gom
4%
Tan Yuster (deceased-22 BBY)
4%
Tarados Gon
4%
Ekim Ryelli (deceased-19 BBY)
3%
Lumas Etima
3%
Ran Deezy
3%
Sarissa Jeng (deceased-22 BBY)
3%
Sephjet Josall
3%
Tutso Mara (deceased-19 BBY)
3%
Farn Kiln
2%
Icho-Tan Micoda (deceased-22 BBY)
2%
Nicanas Tassu
2%
Roth-Del Masona (deceased-19 BBY)
2%
Sors Bandeam (deceased-19 BBY)
2%
Roan Shryne (deceased-18 BBY)
0%
No matching quizzes found
Score Distribution
Percent of People with Each Score
Percentile by Number Answered
Your Score History
You have not taken this quiz